Había una vez un cuerpo / (Registro nro. 12010)

Detalles MARC
000 -CABECERA
Longitud fija campo de control 00749nam a2200241 a 4500
003 - • IDENTIFICADOR DELl NÚMERO DE CONTROL
Identificador del número de control CO-ViMGA
005 - • FECHA Y HORA DE LA ÚLTIMA TRANSACCIÓN
Fecha y hora de la última transacción 20230915225024.0
008 - • CÓDIGOS DE INFORMACIÓN DE LONGITUD FIJA
Códigos de información de longitud fija 071205s2008 ck a jr 0001j spa d
020 ## - • NÚMERO INTERNACIONAL NORMALIZADO PARA LIBROS
Número Internacional Normalizado para Libros (ISBN) 9789583027864
040 ## - FUENTE DE LA CATALOGACIÓN
Centro catalogador de origen CO-ViMGA
Lengua de catalogación spa
Centro transcriptor CO-ViMGA
043 ## - CÓDIGO DE ÁREA GEOGRÁFICA
Código de área geográfica s-uy---
082 04 - • NÚMERO DE LA CLASIFICACIÓN DECIMAL DEWEY
Número de clasificación (R) I863.6
Número del ítem M17h3
Número de edición 21
100 1# - • PUNTO DE ACCESO PRINCIPAL-NOMBRE DE PERSONA
Nombre de persona Marcuse, Aída E.
245 10 - • TITULO PROPIAMENTE DICHO
Título Había una vez un cuerpo /
250 ## - • MENCIÓN DE EDICIÓN
Mención de edición Edición Luisa Noguera Arrieta.
300 ## - • DESCRIPCIÓN FÍSICA
Extensión 58 p. :
Otras características físicas il. ;
Dimensiones 23 cm.
650 14 - • PUNTO DE ACCESO ADICIONAL DE MATERIA - TÉRMINO DE MATERIA
Término de materia o nombre geográfico como elemento inicial Cuentos infantiles uruguayos.
650 14 - • PUNTO DE ACCESO ADICIONAL DE MATERIA - TÉRMINO DE MATERIA
Término de materia o nombre geográfico como elemento inicial Cuerpo humano
Subdivisión de forma Cuentos infantiles.
700 1# - • PUNTO DE ACCESO ADICIONAL - NOMBRE DE PERSONA
Nombre de persona Cortés, Fernando,
Término indicativo de función il.
700 1# - • PUNTO DE ACCESO ADICIONAL - NOMBRE DE PERSONA
Nombre de persona Noguera Arrieta, Luisa,
Término indicativo de función ed.
942 ## - ENTRADA DE ELEMENTOS AGREGADOS (KOHA)
Fuente de clasificaión o esquema Dewey Decimal Classification
Koha [por defecto] tipo de item LIbro
Existencias
Perdido Fuente de clasificación o esquema Estado Físico No para préstamo Forma de adquisición Localización permanente Localización actual Fecha adquisición Préstamos totales Signatura completa Código de barras Fecha última consulta Fecha último préstamo Número de copia Fecha del precio de reemplazo Tipo de item de Koha Serie de enumeración / cronolog&íacute;a Localización en estanterías
  Dewey Decimal Classification     Colección General Biblioteca Pública Puerto López - Jorge Eliecer Gaitán Biblioteca Pública Puerto López - Jorge Eliecer Gaitán 06/06/2025   I863.6 M17h3 PLZ01520 06/06/2025   Ej.1 06/06/2025 Libro Infantil   General
  Dewey Decimal Classification     Sala Infantil Segundo Piso Biblioteca Pública Germán Arciniegas - Villavicencio Biblioteca Pública Germán Arciniegas - Villavicencio 12/02/2015 4 I863.6 M17h3 28910 12/15/2022 11/25/2022 1 12/02/2015 LIbro    
  Dewey Decimal Classification     Sala Infantil Segundo Piso Biblioteca Pública Germán Arciniegas - Villavicencio Biblioteca Pública Germán Arciniegas - Villavicencio 12/04/2015   MARha 24535 12/04/2015   Ej. 1 12/04/2015 LIbro 04/ago/2011  









Instituto Departamental de Cultura del Meta - Red Departamental de Bibliotecas Públicas del Meta.